000
00223nam a22001097a 4500
040
_c
300
082
_a
300 WIIL 1994 C083
100
_a
WILLIAM
245
_a
Ethics modeling
260
_a
Phnom Penh
_b
WIL
_c
1994
942
_c
EK
999
_c
11038
_d
11038